000 01923nam a2200229 a 4500
001 000013300
003 OSt
005 20201110132455.0
008 081117s1988 dr ac 000 0 spa d
040 _aDO-SdBNP
_bspa
_cBNPHU
100 1 _aSánchez de Luciano, Daysi
_91249
245 1 0 _aMatemática :
_beducación primaria /
_cDaysi Sánchez de Luciano ; ilustraciones Benny Juscelino Ureña.
250 _a3a. ed.
260 _aSanto Domingo, :
_bDisesa,
_c1988.
300 _av. :
_bil., retrs. ;
_c27 cm.
500 _aEducación primaria.
500 _aLa biblioteca solamente posee el volumen 7.
500 _aEstej libro ha sido aprobado por la Secretaría de Estado de Educación, Bellas Artes y Cultos, mediante oficio No. 7755 de fecha 3 de julio de 1987; para ser usado como texto básico en 7mo. curso de la educación primaria.
505 0 _av. 7 :
_gtema 1 --
_tIntroducción a la lógica matemática --
_gtema 2 --
_tLos conjuntos --
_gtema 3 --
_tOperaciones entre conjuntos --
_gtema 4 --
_tRelaciones y funciones --
_gtema 5 --
_tAdición y multiplicación en el conjunto de los números naturales --
_gtema 6 --
_tLa sustración y la división en el conjunto de los números naturales --
_gtema 7 --
_tPropiedades de monotnonía y cancelación de la igualdad y la desigualdad --
_gtema 8 --
_tPotenciación en el conjunto de números naturales --
_gtema 9 --
_tRaíz cuadrada de números naturales --
_gtema 10 --
_tEl conjunto de los números fraccionarios positivos --
_gtema 11 --
_tOperaciones con números fraccionarios positivos. Resolución de problemas --
_gtema 12 --
_tNúmeros decimales --
_gtema 13 --
_tProporción. Interés. Descuento --
_gtema 14 --
_tConceptos geométricos básicos --
_gtema 15 --
_tConstrucciones geométricas --
_gtema 16 --
_tSistema de medidas. Comparación --
_gtema 17 --
_tPrismas y pirámides, sus áreas y volúmenes --
700 1 _aJuscelino Ureña, Benny
_eil.
_930500
942 _2ddc
_cLBS1
999 _c12930
_d12930